|
|
|
|
| LEADER |
00695nam a2200193 a 4500 |
| 001 |
c000100029 |
| 003 |
CARM |
| 005 |
00000000000000.0 |
| 008 |
981020s1954 nyu 00001 eng d |
| 019 |
1 |
|
|a 14186528
|5 LACONCORD2021
|
| 035 |
|
|
|a (OCoLC)222143660
|5 LACONCORD2021
|
| 040 |
|
|
|a VLINC
|c VLINC
|
| 100 |
1 |
|
|a Hancock, Lucy Agnes.
|
| 245 |
1 |
0 |
|a Student nurse's lovers /
|c by Lucy Agnes Hancock.
|
| 260 |
|
|
|a New York :
|b W. Foulsham,
|c 1954.
|
| 300 |
|
|
|a 160 p.
|
| 852 |
8 |
|
|b CARM
|h A2:AH03G0
|i A01904
|p 0151306
|f BK
|
| 999 |
f |
f |
|i ba8b3059-f951-5842-962c-713abf136c7f
|s bda03fa7-0c6c-5e89-832c-98b0df95dcae
|
| 952 |
f |
f |
|p Can circulate
|a CAVAL
|b CAVAL
|c CAVAL
|d CARM 1 Store
|e A01904
|f A2:AH03G0
|h Other scheme
|i book
|m 0151306
|